000 00745nam a2200205 i 4500
001 119048
003 ES-MaACL
005 20250728181203.0
007 t|
008 070214s1929 sp r ||||1| spa d
100 1 _aPfandl, Ludwig.
_991622
245 1 0 _aCultura y costumbres del pueblo español de los siglos XVI y XVII
_b: introducción al estudio del siglo de oro /
_cLudwig Pfandl ; prólogo del P. Félix García.
260 _aBarcelona :
_bAraluce,
_c1929.
300 _aXXX, 31-378 p. :
_bil. ;
_c24 cm.
651 4 _aEspaña-
_xUsos y costumbres-
_yS.XVI.
_98522
651 4 _aEspaña-
_xUsos y costumbres-
_yS.XVII.
_98524
700 1 _aGarcía, Félix,
_d1897-1983
_9172116
852 _aES-MaACL
_jA-1618
999 _c119048
_d119048